Počítačom podporované konštruovanie

Enregistré dans:
Détails bibliographiques
Auteurs principaux: Gaduš, Ján (Auteur), Sedlár, Pavol (Auteur)
Format: Livre
Langue:slovaque
Publié: Nitra : Slovenská poľnohospodárska univerzita v Nitre, 2006
Édition:1. vyd
Sujets:
Tags: Ajouter un tag
Pas de tags, Soyez le premier à ajouter un tag!

MARC

LEADER 00000nam a22000003a 4500
001 stu137078
005 20150617225924.6
008 070115s2006----xo------------------slo-d
020 |a 80-8069-703-5 
040 |a STU  |b slo 
041 0 |a slo 
044 |a xo 
100 1 |a Gaduš, Ján  |4 aut 
245 1 |a Počítačom podporované konštruovanie 
250 |a 1. vyd 
260 |a Nitra :  |b Slovenská poľnohospodárska univerzita v Nitre,  |c 2006 
300 |a 149 s 
650 7 |a konštruovanie počítačové  |2 stusub 
700 1 |a Sedlár, Pavol  |4 aut 
996 |b 284M075568  |c M*S-1320-1  |l MMKN  |s A  |a 24  |w stu137078_0001 
996 |b 284M075567  |c M*S-1320-2  |l MMKN  |s A  |a 24  |w stu137078_0002